| 000 | 00571nam a22001817a 4500 | ||
|---|---|---|---|
| 003 | AM-YeHGA | ||
| 040 | _aAM-YeHGA | ||
| 090 | _c427132 | ||
| 005 | 20250617155027.0 | ||
| 008 | 190205s ||||| |||| 00| 0 rus d | ||
| 041 | 0 | _arus | |
| 100 | 1 | _aСевастьянов, Евтихий Платонович | |
| 245 | 1 | 0 |
_aИнквизиция в медицине / _cСевастьянов. |
| 260 |
_aСанкт-Петербург : _bКоммерч. тип., _c1914. |
||
| 300 | _a88 с. | ||
| 653 | 0 | _aНародная медицина | |
| 942 |
_2udc _cBK |
||
| 999 |
_c424669 _d424669 |
||